000 00598nam a22001697a 4500
003 OSt
005 20241104145026.0
008 241104b |||||||| |||| 00| 0 eng d
040 _c0
082 _aDPer050 M72 January-March 2018 v. 66 no. 8-10
100 _aQuinsay, Rommel R.
_eauthor.
_963544
245 _aAlin ang higit na nakatutulong sa mga mag-aaral :
_baklat ba o kompyuter? /
_cRommel R. Quinsay.
260 _aManila, Philippines ;
_bIn the Grade School, Inc,
_cNovember 2018.
300 _aVolume 66, pages 231-232.
700 _aQuinsay, Rommel R.
_eauthor.
_960629
942 _2ddc
_cPER
999 _c22969
_d22969